| 000 | 00640cam a22002291 4500 | ||
|---|---|---|---|
| 001 | sa 64001393 | ||
| 003 | DLC | ||
| 005 | 20260227112002.0 | ||
| 008 | 841211s1963 ii 000 0 eng | ||
| 010 | _asa 64001393 | ||
| 025 | _aPL480:I-E-2516 | ||
| 035 | _a(OCoLC)11481027 | ||
| 040 |
_aDLC _cNcWsW _dDLC |
||
| 050 | 0 | 0 |
_aJS7008 _b.N3 1963 |
| 100 | 1 |
_aNarayan, Jayaprakash, _d1902-1979. |
|
| 245 | 1 | 0 | _aSwaraj for the people. |
| 250 | _a[3d ed.] | ||
| 260 |
_aVaranasi, _bSarva Seva Sangh Prakashan _c[1963] |
||
| 300 |
_avi, 33 p. _c25 cm. |
||
| 650 | 0 |
_aLocal government _zIndia. |
|
| 651 | 0 |
_aIndia _xPolitics and government _y1947- |
|
| 999 |
_c56723 _d56723 |
||